| 000 | 00860nam0a22002651 4500 | ||
|---|---|---|---|
| 001 | rc\4334298 | ||
| 005 | 20130416133623.9 | ||
| 021 |
_aRU _b[65-77248] |
||
| 035 | _a(NLR Aleph) 008519764 | ||
| 090 |
_a8221014 _c8221014 |
||
| 100 | _a20130416d1965 |||y0rusy50 ca | ||
| 101 | 0 | _arus | |
| 102 | _aRU | ||
| 105 | _ac z ||||| | ||
| 200 | 1 | _aИ.П. Вацек в революционном движении в Баку | |
| 210 |
_aБаку _cАзернешр _d1965 |
||
| 215 |
_a165 с. _cпортр. _d20 |
||
| 601 | 0 | 2 |
_aКП Азербайджана _xИстория _2psbo |
| 700 | 1 |
_aГулиев _bА. Н. оглы _gАлиовсат Наджафгули оглы |
|
| 702 | 1 |
_aВацек _bИ. П. _gИван Прокофьевич _4570 |
|
| 801 | 0 |
_aRU _bNLR _gpsbo |
|
| 801 | 1 |
_aRU _bELAR _2rusmarc |
|
| 852 |
_aNLR _j65-3/5302 |
||
| 942 | _cBOOK | ||
| 980 | _aNB | ||